000 01233cam a2200325 a 4500
001 000004698
005 20250218125614.0
008 941220s1998 mx 001 0aspa
020 _a9681905237
040 _aDO-SdBNP
_cDLC
_dDLC
041 1 7 _aspa
_hfre
_2Código de idioma MARC
082 _a928.69
_bS243c
100 1 _aSaramago, José,
_d1922-2010
_912950
240 0 0 _aCadernos de Lanzarote, Diário I; Diário II; Diário III.
245 1 0 _aCuadernos de Lanzarote :
_b(1993-1995) /
_cJosé Saramago ; traducción de Eduardo Naval ; prólogo de César Antonio Molina.
260 _aMéxico, D. F. :
_bAlfaguara,
_c1998.
300 _a656 p. ;
_c22 cm.
490 1 _aTextos de escritos
534 _pTítulo original:
_tCadernos de Lanzarote, Diário I; Diário II; Diário III.
600 1 0 _aSARAMAGO, JOSÉ,
_d1922-
_xDIARIO
_913683
650 4 _aAutores portugueses
_ySIGLO XX
_xDiario
_913684
650 4 _aLiteratura portuguesa
_ySIGLO XX
_913685
650 4 _aDiarios íntimos
_913686
650 4 _aAutobiografías
_913687
700 1 _aMolina, César Antonio,
_epról.
_913688
700 1 _aNaval, Eduardo,
_etr.
_913689
830 0 _aTextos de escritos
_913690
910 _aCatalogación por copia / LC
910 _aWM
999 _c4504
_d4504